The Logical Elimination Click Quiz: EU Countries - Statistics

General Stats
  • This quiz has been taken 1,786 times
  • The average score is 14 of 27
Answer Stats
Hint Extra Hint Explanation Answer % Correct
Home To The Louvre 1 Possibility France France
97%
Capital Is Zagreb 1 Possibility Croatia Croatia
92%
Capital Is Sofia 1 Possibility Bulgaria Bulgaria
89%
Capital Is Vienna 1 Possibility Austria Austria
83%
Cork And Waterford Are Cities Here 1 Possibility Ireland Ireland
76%
Capital Is Nicosia 1 Possibility Cyprus Cyprus
75%
Begins With "C" 3 Possibilities Croatia, Cyprus, Czechia Czechia
73%
Borders Netherlands And Germany 1 Possibility Belgium Belgium
72%
Island Nation 3 Possibilities Cyprus, Ireland, Malta Malta
67%
Former Yuogslav Country 2 Possibilities Croatia, Slovenia Slovenia
65%
Hosted the 1992 Summer Olympics 1 Possibility Spain Spain
63%
Capital Begins With V 3 Possibilities Austria, Lithuania, Malta Lithuania
55%
Area < 5,000Km² 3 Possibilities Cyprus, Luxembourg, Malta Luxembourg
49%
Only Borders One Other European Country 3 Possibilities Denmark, Ireland, Portugal Portugal
49%
Founding Member Of EU 6 Possibilities Belgium, France, Germany, Italy, Luxembourg, Netherlands Germany
42%
Entirely On Balkan Peninsula 4 Possibilities Bulgaria, Croatia, Greece, Slovenia Greece
42%
Benelux Country 3 Possibilities France, Italy, Netherlands Netherlands
41%
Name Starts With 'S' 4 Possibilities Slovakia, Slovenia, Spain, Sweden Sweden
36%
Constitutional Monarchy 5 Possibilities Belgium, Denmark, Netherlands, Spain, Sweden Denmark
35%
Name Starts With A Vowel 4 Possibilities Austria, Estonia, Ireland, Italy Italy
34%
Romance Language 5 Possibilities France, Italy, Portugal, Romania, Spain Romania
33%
Landlocked 5 Possibilities Austria, Czechia, Hungary, Luxembourg, Slovakia Slovakia
31%
Finno-Ugric Language 3 Possibilities Estonia, Finland, Hungary Hungary
27%
Population < 1.5M 4 Possibilities Cyprus, Estonia, Luxembourg, Malta Estonia
26%
Multiple Official Languages (At National Level) 5 Possibilities Belgium, Finland, Ireland, Luxembourg, Malta Finland
23%
In The Schengen Area But Not Eurozone 8 Possibilities Bulgaria, Croatia, Czechia, Denmark, Hungary, Poland, Romania, Sweden Poland
22%
Border With Russia 5 Possibilities Estonia, Finland, Latvia, Lithuania, Poland Latvia
21%
No matching quizzes found
Score Distribution
Percent of People with Each Score
Percentile by Number Answered
Your Score History
You have not taken this quiz